| 000 | 01430nam a22002657a 4500 | ||
|---|---|---|---|
| 001 | PE-LiUPU | ||
| 003 | PE-LiUPU | ||
| 005 | 20240515174928.0 | ||
| 008 | 240515b |||||||| |||| 00| 0 spa d | ||
| 020 | _a8782788307510 | ||
| 040 |
_aPE-LiUPU _bspa _cPE-LiUPU _erda |
||
| 082 |
_223 _a330.95195 |
||
| 245 |
_aCorea como una economía del conocimiento : _bProceso evolutivo y enseñanzas / |
||
| 264 |
_aWashington : _bBanco Mundial ; _c2008. |
||
| 300 |
_a216 páginas : _bilustrado ; _c23 centímetros. |
||
| 500 | _aIncluye prólogo, agradecimientos , siglas y abreviaturas al inicio del libro. Además de cuadros, gráficos y recuadros. | ||
| 504 | _aIncluye referencias. | ||
| 505 | _aIntroducción -- Panorama del proceso de desarrollo coreano hasta 1997 -- Los retos para las estrategias de desarrollo de Corea -- Diseñar un nuevo marco estructural económico -- Tecnologías de información y comunicaciones para una economía basada en el conocimiento- Alcanzar las habilidades y los recursos humanos necesarios -- Aprovechar el potencial de la ciencia y la tecnología -- Evaluación y enseñanza | ||
| 650 | 0 |
_aAdministración del conocimiento _zCorea del Sur _94074 |
|
| 650 | 0 |
_aIndustrias de alta tecnología _zCorea del Sur _94075 |
|
| 651 | 0 |
_aCorea del Sur _xPolítica económica _y1960-1988 _94077 |
|
| 700 |
_aSuh, Joonghae _eeditor _94079 |
||
| 700 |
_aH.C. Chen, Derek. _eeditor. _94080 |
||
| 942 |
_2ddc _cBK _n0 |
||
| 999 |
_c62438 _d62437 |
||
| 980 |
_618228 _aChristian Lazo Analista Documental _818228 _gChristian Lazo Analista Documental |
||